000 00762nam a2200277 i 4500
001 C2-0236974
003 PPAK
005 20180727200618.0
008 011027s2000 enka|||| ||||| | eng d
020 _a0783509529
040 _aPPAK
_beng
_cPPAK
_erda
082 0 4 _a930.12
_223
090 0 0 _a930.12
_bHUR
_dR
090 0 0 _a930.12
_bHUR
_dRK
100 1 _aHurdman, Charlotte,
_eauthor
245 1 4 _aThe stone age
264 1 _a[London] :
_bTime Life Asia ,
_c2000
300 _a64 pages :
_bcolour illustrations ;
_c30 cm
336 _2rdacontent
_atext
337 _2rdamedia
_aunmediated
338 _2rdacarrier
_avolume
490 1 _aStep into history
650 1 0 _aPrehistoric peoples ; Stone age
830 0 _aStep into history
942 _ddc
_cB
999 _c52700
_d52700